MARC details
| 000 -LÍDER |
| campo de controle de tamanho fixo |
01370nac a22003617a 4500 |
| 001 - NÚMERO DE CONTROLE |
| campo de controle |
BR8402354 |
| 003 - IDENTIFICADOR DO NÚMERO DE CONTROLE |
| campo de controle |
BR-BrBNA |
| 005 - DATA E HORÁRIO DA ÚLTIMA TRANSAÇÃO |
| campo de controle |
20240105120017.0 |
| 008 - CAMPO DE DADOS FIXOS--INFORMAÇÃO GERAL |
| campo de controle de tamanho fixo |
230509b bl.|||m| |||| 00| 0 por d |
| 040 ## - FONTE DA CATALOGAÇÃO |
| Instituição da catalogação original |
BR-BrBNA |
| Idioma da catalogação |
por |
| Instituição que transcreveu o registro |
Biblioteca Nacional de Agricultura |
| 072 ## - CÓDIGO DE CATEGORIA DE ASSUNTO |
| Código de Categoria de Assunto |
F10; F00 |
| 090 ## - NÚMERO DE CHAMADA LOCAL |
| Número de chamada |
F10 BR8402354 |
| 100 1# - ENTRADA PRINCIPAL--NOME PESSOAL |
| Nome pessoal |
Mota, F.S. da |
| 100 1# - ENTRADA PRINCIPAL--NOME PESSOAL |
| Nome pessoal |
Berny, Z.B. |
| 100 1# - ENTRADA PRINCIPAL--NOME PESSOAL |
| Nome pessoal |
Agendes, M.O. de O. |
| 110 1# - ENTRADA PRINCIPAL--NOME CORPORATIVO |
| Nome corporativo ou nome da jurisdição |
Unidade de Execucao de Pesquisa de Ambito Estadual de Pelotas, RS (Brasil) |
| 9 (RLIN) |
10370 |
| 245 1# - TÍTULO |
| Título |
Perspectivas climaticas da agricultura ate o ano 2000 no Sul do Brasil sob uma provavel acao do efeito estufa |
| 246 1# - FORMA VARIANTE DO TÍTULO |
| Título/título abreviado |
Climate perspectives of south brazilian agriculture to the year 2000 under a possible action of the greenhouse effect |
| 260 3# - PUBLICAÇÃO, DISTRIBUIÇÃO, ETC. |
| Local de publicação, distribuição, etc. |
Brasilia, DF (Brasil): |
| Nome do editor, distribuidor, etc. |
Empresa Brasileira de Pesquisa Agropecuaria. Depto. de Difusao de Tecnologia, |
| Data da publicação, distribuição, etc. |
1984. |
| 300 ## - DESCRIÇÃO FÍSICA |
| Extensão |
70 p. |
| 490 ## - TÍTULO DA SÉRIE |
| Título da série |
Documentos - Unidade de Execucao de Pesquisa de Ambito Estadual de Pelotas (Brazil) |
| Número do volume ou designação sequencial da série |
no. 11 |
| ISSN - International Standard Serial Number |
|
| 500 ## - NOTA GERAL |
| Nota geral |
24 graphs; 10 tables; Summaries (En, Pt); 39 ref. |
| 650 ## - ASSUNTO--TERMO TÓPICO |
| Cabeçalho tópico ou nome geográfico |
CLIMA |
| 650 ## - ASSUNTO--TERMO TÓPICO |
| Cabeçalho tópico ou nome geográfico |
CLIMATOLOGIA |
| 650 ## - ASSUNTO--TERMO TÓPICO |
| Cabeçalho tópico ou nome geográfico |
TEMPERATURA |
| 650 ## - ASSUNTO--TERMO TÓPICO |
| Cabeçalho tópico ou nome geográfico |
MEIO AMBIENTE |
| 650 ## - ASSUNTO--TERMO TÓPICO |
| Cabeçalho tópico ou nome geográfico |
ESTUFA |
| 650 ## - ASSUNTO--TERMO TÓPICO |
| Cabeçalho tópico ou nome geográfico |
LAVOURA |
| 650 ## - ASSUNTO--TERMO TÓPICO |
| Cabeçalho tópico ou nome geográfico |
RENDIMENTO |
| 650 ## - ASSUNTO--TERMO TÓPICO |
| Cabeçalho tópico ou nome geográfico |
REGIAO SUL |
| 909 ## - |
| -- |
202312 |
| -- |
Lúcia Elande |
| -- |
55 |
| -- |
Lúcia Elande |
| 942 ## - ELEMENTOS DE ENTRADA ADICIONADOS (KOHA) |
| Fonte da classificação ou esquema de arquivamento na estante |
Classificação AGRIS |
| Ocultar no OPAC |
Não |
| Tipo de material Koha |
Monografia Seriada |